002100000a220007300045001000021000002450039000213000057000607730019001171 aBronkhorst, A.J.10aA tribute to Dr. Marcel Pradervand aVol. 37, Num. 8 (Diciembre, 1983), Páginas 275-2770 tReformed World